000 00413nam a2200157Ia 4500
003 GCL
008 140319s9999 xx 000 0 eng d
040 _aGCL /
_cGCL
082 0 4 _a069.44
_bP A
100 1 _aPALAIS DU LOUURE
245 1 0 _aANMUAIRE DES MUSEES DE FRANCE /
_cPALAIS DU LOUURE
260 _a[S.N] :
_bPALAIS DU LOUURE ،
_c1950
300 _a305 P P
650 0 4 _aFRANCE - MUSEUM
942 _2ddc
_cBK
999 _c12379
_d12379